000
00378nam a22001697a 4500
003
MPLRDC
005
20220104124101.0
008
210129b ||||| |||| 00| 0 eng d
082
_a
177.3 ZM
100
_a
章明著
245
_a
朋友之间
_c
250
_a
三版
260
_a
_b
万里文化企业公司
_c
1973
300
_b
平
650
_a
942
_c
BK
_o
177.3 ZM
999
_c
16522
_d
16512